Česká sociální politika při vstupu do EU hledání podoby sociálního státu

Morálna stránka procesu transformácie v ČR. Neujasnená cieľová podoba sociálnej politiky. Úloha štátu v sociálnej politike. Európsky sociálny model. Dôraz na zvyšovanie kvalifikácie a adaptability pracovnej sily.

Salvato in:
Dettagli Bibliografici
Autore principale: Žižková, Jana
Natura: Capitolo di libro
Lingua:ceco
Soggetti:
Tags: Aggiungi Tag
Nessun Tag, puoi essere il primo ad aggiungerne!!

MARC

LEADER 00000naa a2200000 4500
001 r048868
005 20230913072501.0
041 0 |a cze 
044 |a CZ 
245 1 0 |a Česká sociální politika při vstupu do EU  |b hledání podoby sociálního státu  |c Jana Žižková 
520 |a Morálna stránka procesu transformácie v ČR. Neujasnená cieľová podoba sociálnej politiky. Úloha štátu v sociálnej politike. Európsky sociálny model. Dôraz na zvyšovanie kvalifikácie a adaptability pracovnej sily. 
610 2 0 |a politika sociálna 
610 2 0 |a štát sociálny 
610 2 0 |a zvyšovanie kvalifikácie 
610 2 0 |a sily pracovné 
610 2 0 |a Česko 
610 2 0 |a Európska únia 
100 1 |a Žižková, Jana